Devinez la Capitale Mystère #26 - Statistiques

Statistiques générales
  • Ce quiz a été pris 188 fois
    78 depuis la dernière actualisation
  • Le résultat moyen est 30 sur 40
Statistiques - réponses
Type de Réponse Réponse % Correct
Lettre Trouvée A
100%
Lettre Trouvée I
100%
Lettre de l'Alphabet O
100%
Lettre de l'Alphabet N
98%
Lettre de l'Alphabet S
98%
Lettre de l'Alphabet B
97%
Lettre Trouvée E
97%
Lettre Trouvée P
97%
Lettre de l'Alphabet R
97%
Lettre Trouvée L
95%
Lettre Trouvée U
95%
Lettre Trouvée D
93%
Lettre de l'Alphabet G
93%
Lettre de l'Alphabet T
93%
Lettre de l'Alphabet M
91%
Lettre Trouvée C
86%
Lettre de l'Alphabet V
83%
Lettre de l'Alphabet H
79%
Lettre de l'Alphabet K
79%
Lettre de l'Alphabet W
78%
Lettre Bien Placée D
74%
Lettre Bien Placée A
72%
Lettre Bien Placée E
72%
Lettre de l'Alphabet Y
71%
Lettre Bien Placée D
67%
Lettre de l'Alphabet J
67%
Lettre Bien Placée I
62%
Lettre Bien Placée C
60%
Lettre Trouvée Z
60%
Lettre de l'Alphabet X
59%
Lettre Bien Placée U
57%
Lettre Bien Placée D
55%
Lettre Bien Placée A
52%
Lettre de l'Alphabet F
52%
Lettre de l'Alphabet Q
52%
Lettre Bien Placée L
48%
Lettre Bien Placée A
47%
Capitale Mystère Ciudad de la Paz
47%
Lettre Bien Placée P
47%
Lettre Bien Placée Z
47%
Aucun quiz correspondant
Distribution des résultats
% des personnes avec chaque résultat
Percentile par nombre de réponses
Votre historique - résultats
Vous n’avez pas pris ce quiz depuis la dernière actualisation